Famous 18th Century Women Quiz Stats

 Plays Quiz Updated Feb 19, 2018

Score 0/25 Timer 07:00
8 Plays Today
% Correct
Maria Anna Mozart
89.3%
Mary Shelley
89.2%
Abigail Adams
86.8%
Fukuda Chiyo-ni
85.8%
Marie Antoinette
84.3%
Tupoumoheofo
77.1%
Anne Bonny
67.6%
Velu Nachiyar
63.6%
Madame de Pompadour
62.4%
Mary Wollstonecraft
59.1%
Maria I
56.5%
Marie Leszczyńska
53.6%
Marguerite-Antoinette Couperin
53.5%
% Correct
Caroline Herschel
53%
Maria Theresa
48.3%
Ñusta Huillac
46.8%
Ulrika Eleonora the Younger
46.3%
Olympe de Gouges
38.6%
Suzanne Douvillier
37.9%
Deborah Sampson
37.6%
Ann Lee
34.3%
Eliza Haywood
30.2%
Elizabeth Wilkinson
30.1%
Angelica Kauffman
29.7%
Martha Daniell Logan
18.6%

You're not logged in!

Compare scores with friends on all Sporcle quizzes.
OR
Log In

You Might Also Like...

Show Comments

Extras

Top Quizzes Today


Score Distribution

Your Account Isn't Verified!

In order to create a playlist on Sporcle, you need to verify the email address you used during registration. Go to your Sporcle Settings to finish the process.

Report this User

Report this user for behavior that violates our Community Guidelines.

Details: